Understanding ethnographic texts /
Paul Atkinson presents useful advice on how to read, and therefore how to write, ethnography. He examines how ethnographers create field notes and how they do interview transcriptions, inevitably revealing the author's hand. He outlines various literary conventions used in ethnographic writing.
Saved in:
| Main Author: | |
|---|---|
| Format: | Book |
| Language: | English |
| Published: |
Newbury Park, Calif. :
Sage Publications,
c1992.
|
| Series: | Qualitative research methods ;
v. 25. |
| Subjects: | |
| Tags: |
Add Tag
No Tags, Be the first to tag this record!
|
| LEADER | 01482nam a22003258a 4500 | ||
|---|---|---|---|
| 001 | 002611368-6 | ||
| 005 | 20170318020820.0 | ||
| 008 | 920212s1992 cau b 001 0 eng | ||
| 010 | |a 92008060 | ||
| 020 | |a 080393937X (cloth) | ||
| 020 | |a 0803939361 (pbk.) | ||
| 035 | 0 | |a ocm25409015 | |
| 040 | |a DLC |c DLC | ||
| 050 | 0 | 0 | |a GN307.7 |b .A87 1992 |
| 082 | 0 | 0 | |a 305.8/001 |2 20 |
| 100 | 1 | |a Atkinson, Paul, |d 1947- | |
| 245 | 1 | 0 | |a Understanding ethnographic texts / |c Paul Atkinson. |
| 260 | |a Newbury Park, Calif. : |b Sage Publications, |c c1992. | ||
| 300 | |a vii, 58 p. ; |c 23 cm. | ||
| 490 | 1 | |a Qualitative research methods ; |v v. 25 | |
| 504 | |a Includes bibliographical references and index. | ||
| 520 | 8 | |a Paul Atkinson presents useful advice on how to read, and therefore how to write, ethnography. He examines how ethnographers create field notes and how they do interview transcriptions, inevitably revealing the author's hand. He outlines various literary conventions used in ethnographic writing. | |
| 505 | 0 | 0 | |t Introduction -- |t The Field as Text -- |t Inscriptions -- |t Transcriptions -- |t Genres -- |t Alternatives -- |t Conclusion. |
| 650 | 0 | |a Ethnology |x Authorship. | |
| 650 | 0 | |a Ethnology |x Methodology. | |
| 650 | 1 | 2 | |a Ethnology. |
| 776 | 0 | 8 | |i Online version: |a Atkinson, Paul, 1947- |t Understanding ethnographic texts. |d Newbury Park, Calif. : Sage Publications, ©1992 |w (OCoLC)645830898 |
| 830 | 0 | |a Qualitative research methods ; |v v. 25. | |
| 988 | |a 20020608 | ||
| 906 | |0 DLC | ||


